[Event "Budapest-chT1 Lilienthal 1718"]
[Site "Budapest"]
[Date "2017.12.10"]
[Round "5"]
[White "Kiss, Jozsef1"]
[Black "Kapuszta, Csaba"]
[Result "1-0"]
[WhiteElo "1959"]
[BlackElo "1742"]
[PlyCount "83"]
[EventDate "2017.10.01"]
[EventType "team-tourn"]
[EventRounds "13"]
[EventCountry "HUN"]
[SourceTitle "EXT 2021"]
[Source "ChessBase"]
[SourceDate "2020.10.23"]
[SourceVersion "1"]
[SourceVersionDate "2020.10.23"]
[SourceQuality "1"]
[WhiteTeam "Penzugyor III"]
[BlackTeam "Palota Sakk"]
[WhiteTeamCountry "HUN"]
[BlackTeamCountry "HUN"]

1. e4 e6 2. f4 b6 3. Nf3 Bb7 4. e5 c5 5. c3 d5 6. Bd3 Nc6 7. 0-0 Nge7 8. Na3 a6 9. Qe1 g6 10. Nc2 Bg7 11. Ne3 Qd7 12. b3 h5 13. a4 d4 14. Nc4 dxc3 15. Nd6+ Kf8 16. dxc3 Nc8 17. Nxc8 Rxc8 18. Qe2 a5 19. Ba3 Kg8 20. Rad1 Qe7 21. Ng5 Bh6 22. Ne4 Bg7 23. Nd6 Rb8 24. Be4 Kh7 25. Qf3 Nd8 26. g4 hxg4 27. Qxg4 Bxe4 28. Nxe4 Kg8 29. Rf3 Rh4 30. Qg2 Nb7 31. Bc1 Rd8 32. Rfd3 Bh6 33. Nf6+ Kh8 34. Rxd8+ Nxd8 35. Qa8 Bxf4 36. Rxd8+ Kg7 37. Rg8+ Kh6 38. Rh8+ Kg5 39. Qg2+ Kf5 40. Rxh4 Bxc1 41. Qe4+ Kg5 42. Qg4# 1-0

[Event "Budapest-chT1 Lilienthal 1516"]
[Site "Budapest"]
[Date "2015.12.13"]
[Round "5"]
[White "Bognar, Bence"]
[Black "Kapuszta, Csaba"]
[Result "1-0"]
[WhiteElo "1988"]
[BlackElo "1728"]
[PlyCount "97"]
[EventDate "2015.09.20"]
[EventType "team-tourn"]
[EventRounds "9"]
[EventCountry "HUN"]
[SourceTitle "EXT 2021"]
[Source "ChessBase"]
[SourceDate "2020.10.23"]
[SourceVersion "1"]
[SourceVersionDate "2020.10.23"]
[SourceQuality "1"]
[WhiteTeam "SENSE"]
[BlackTeam "REAC SISE"]
[WhiteTeamCountry "HUN"]
[BlackTeamCountry "HUN"]

1. e4 b6 2. d4 Bb7 3. Nc3 e6 4. f4 Bb4 5. Bd3 Nf6 6. Qe2 Bxc3+ 7. bxc3 d6 8. Nf3 Nbd7 9. e5 Nd5 10. Bd2 dxe5 11. fxe5 c5 12. 0-0 h6 13. Be4 Qc7 14. Nh4 Rf8 15. Qg4 g5 16. Nf3 0-0-0 17. Qh5 f5 18. Bxd5 Bxd5 19. Qxh6 g4 20. Ne1 Rh8 21. Qe3 c4 22. Qe2 Rh7 23. Bf4 Nf8 24. Bg5 Re8 25. g3 Rh3 26. Ng2 Rh7 27. Nf4 Bf3 28. Rxf3 gxf3 29. Qxf3 Qb7 30. Qxb7+ Kxb7 31. h4 Rg7 32. Kf2 Ng6 33. Nh5 Rf7 34. Nf6 Rh8 35. Ke3 Kc6 36. Kf3 Ne7 37. a4 Nd5 38. Ra3 Nxf6 39. exf6 Kd5 40. Ra1 a6 41. Rb1 Rb7 42. a5 b5 43. Re1 Kd6 44. Re5 b4 45. cxb4 Rxb4 46. Bf4 Kd7 47. Rc5 Rc8 48. Rxc8 Kxc8 49. f7 1-0

[Event "Budapest-chT1 Lilienthal 1314"]
[Site "Budapest"]
[Date "2013.11.24"]
[Round "4"]
[White "Kapuszta, Csaba"]
[Black "Meszaros, Geza"]
[Result "1/2-1/2"]
[WhiteElo "1725"]
[BlackElo "1943"]
[PlyCount "34"]
[EventDate "2013.09.29"]
[EventType "team-tourn"]
[EventRounds "11"]
[EventCountry "HUN"]
[SourceTitle "EXT 2021"]
[Source "ChessBase"]
[SourceDate "2020.10.23"]
[SourceVersion "1"]
[SourceVersionDate "2020.10.23"]
[SourceQuality "1"]
[WhiteTeam "REAC SISE"]
[BlackTeam "Csepel"]
[WhiteTeamCountry "HUN"]
[BlackTeamCountry "HUN"]

1. b3 d5 2. Bb2 c5 3. e3 Nc6 4. Bb5 Bd7 5. f4 e6 6. Nf3 Nge7 7. Qe2 a6 8. Bxc6 Nxc6 9. d3 b5 10. a3 Qb6 11. 0-0 h6 12. Nbd2 Rg8 13. Qf2 Be7 14. Ne5 Nxe5 15. Bxe5 f6 16. Bb2 0-0-0 17. Rab1 Bd6 1/2-1/2

[Event "Budapest-chT1 Lilienthal 1314"]
[Site "Budapest"]
[Date "2013.09.29"]
[Round "1"]
[White "Horvath, Attila Bela"]
[Black "Kapuszta, Csaba"]
[Result "1-0"]
[WhiteElo "1919"]
[BlackElo "1725"]
[PlyCount "57"]
[EventDate "2013.09.29"]
[EventType "team-tourn"]
[EventRounds "11"]
[EventCountry "HUN"]
[SourceTitle "EXT 2021"]
[Source "ChessBase"]
[SourceDate "2020.10.23"]
[SourceVersion "1"]
[SourceVersionDate "2020.10.23"]
[SourceQuality "1"]
[WhiteTeam "Fabulon"]
[BlackTeam "REAC SISE"]
[WhiteTeamCountry "HUN"]
[BlackTeamCountry "HUN"]

1. e4 e6 2. f4 b6 3. Nf3 Bb7 4. d3 c5 5. c3 Be7 6. g3 Nc6 7. Bg2 Qc7 8. 0-0 d6 9. Na3 a6 10. Be3 Nf6 11. Rc1 Ng4 12. Bf2 Nxf2 13. Rxf2 0-0 14. Nc2 Rad8 15. d4 Bf6 16. g4 g6 17. h4 Ne7 18. g5 Bg7 19. Qe2 d5 20. e5 Nf5 21. Ne3 Ng3 22. Qe1 Rfe8 23. Rfc2 Nh5 24. Ng4 Nxf4 25. Nf6+ Bxf6 26. gxf6 Nxg2 27. Qd2 Kh8 28. Qh6 Rg8 29. Ng5 1-0

[Event "Budapest-chT1 Lilienthal 1213"]
[Site "Budapest"]
[Date "2013.03.10"]
[Round "9"]
[White "Bodrogi, Mihaly"]
[Black "Kapuszta, Csaba"]
[Result "1/2-1/2"]
[WhiteElo "2063"]
[BlackElo "1742"]
[PlyCount "168"]
[EventDate "2012.09.30"]
[EventType "team-tourn"]
[EventRounds "11"]
[EventCountry "HUN"]
[SourceTitle "EXT 2019"]
[Source "ChessBase"]
[SourceDate "2018.10.10"]
[SourceVersion "1"]
[SourceVersionDate "2018.10.10"]
[SourceQuality "1"]
[WhiteTeam "Budapest EAC"]
[BlackTeam "Budapest REAC SISE"]
[WhiteTeamCountry "HUN"]
[BlackTeamCountry "HUN"]

1. Nf3 b6 2. g3 Bb7 3. Bg2 e6 4. 0-0 Nf6 5. c4 c5 6. Nc3 Be7 7. d3 0-0 8. e4 d6 9. Ne1 Nc6 10. f4 Nd4 11. Ne2 Qc7 12. Nxd4 cxd4 13. Nc2 e5 14. f5 h6 15. Ne1 a5 16. h4 Nh7 17. Nf3 Qd8 18. Bd2 Rc8 19. Bh3 Rc7 20. Kh2 Bc8 21. Rg1 Kh8 22. Qe1 g5 23. g4 Rg8 24. Rc1 Bd7 25. Rc2 Rg7 26. Qb1 Qb8 27. b4 axb4 28. hxg5 Nxg5 29. Nxg5 hxg5 30. Qxb4 f6 31. Rb1 Rb7 32. Qb2 Ba4 33. Rcc1 Rh7 34. Bb4 Kg7 35. Kg3 Qh8 36. Rh1 Rh4 37. Qa3 Qe8 38. Bg2 Rxh1 39. Rxh1 Qd7 40. Bf3 Rb8 41. Bd1 Bxd1 42. Rxd1 Rh8 43. Qa6 Qc6 44. Qa7 Kf7 45. Qa3 Qc7 46. Qb3 Kg7 47. Rb1 Rh4 48. Be1 Bd8 49. Qa4 Kg8 50. Qe8+ Kg7 51. Bb4 Rh8 52. Qe6 Be7 53. Rb3 Ra8 54. Ra3 Rxa3 55. Bxa3 Kf8 56. Bb4 Qc6 57. a3 Qc7 58. Qd5 Ke8 59. Qb5+ Kf7 60. a4 Kf8 61. Kf3 Kf7 62. Ke2 Qd8 63. Qd5+ Kg7 64. Qe6 Kf8 65. Kd2 Qc7 66. Kc2 Ke8 67. Qd5 Kd7 68. a5 bxa5 69. Bxa5 Qc6 70. Qb5 Bf8 71. Kb3 Be7 72. Qb8 Qc8 73. Qxc8+ Kxc8 74. Ka4 Kd7 75. Kb5 Bf8 76. Bb6 Be7 77. Ba7 Bf8 78. Bb6 Be7 79. Ba7 Bf8 80. c5 dxc5 81. Bb6 Bd6 82. Kc4 Bf8 83. Kd5 Be7 84. Ba7 Bd6 1/2-1/2

[Event "Budapest-chT1 Lilienthal 1213"]
[Site "Budapest"]
[Date "2013.02.24"]
[Round "8"]
[White "Kapuszta, Csaba"]
[Black "Laza, Szabolcs"]
[Result "0-1"]
[WhiteElo "1742"]
[BlackElo "2005"]
[PlyCount "132"]
[EventDate "2012.09.30"]
[EventType "team-tourn"]
[EventRounds "11"]
[EventCountry "HUN"]
[SourceTitle "EXT 2019"]
[Source "ChessBase"]
[SourceDate "2018.10.10"]
[SourceVersion "1"]
[SourceVersionDate "2018.10.10"]
[SourceQuality "1"]
[WhiteTeam "Budapest REAC SISE"]
[BlackTeam "Budapest RAC"]
[WhiteTeamCountry "HUN"]
[BlackTeamCountry "HUN"]

1. b3 d5 2. Bb2 c5 3. e3 Nc6 4. f4 Nf6 5. Nf3 g6 6. Be2 Bg7 7. 0-0 0-0 8. c3 Ne4 9. d3 Nd6 10. Na3 b5 11. d4 c4 12. bxc4 bxc4 13. Ne5 Qb6 14. Rb1 Bf5 15. Nc2 Rab8 16. Bg4 Bxg4 17. Qxg4 Nxe5 18. fxe5 Ne4 19. Rfd1 Qa5 20. Nb4 Rxb4 21. cxb4 Qxa2 22. Qf3 Bh6 23. h4 Qb3 24. Ba1 Qxe3+ 25. Qxe3 Bxe3+ 26. Kf1 Nd2+ 27. Ke2 Nxb1 28. Kxe3 Na3 29. Kd2 Rb8 30. Bc3 a5 31. bxa5 Nb1+ 32. Kc2 Nxc3 33. Kxc3 Rb3+ 34. Kc2 Ra3 35. e6 fxe6 36. Re1 Kf7 37. Rf1+ Ke8 38. Re1 Kd7 39. Rf1 Rxa5 40. Rf7 Ra2+ 41. Kc3 h5 42. g4 hxg4 43. Rg7 Rh2 44. Rxg6 Rxh4 45. Rg8 Rh3+ 46. Kc2 g3 47. Rg7 Rh2+ 48. Kc3 g2 49. Rg8 Rh3+ 50. Kc2 Rd3 51. Rxg2 Rxd4 52. Rg8 e5 53. Ra8 e4 54. Ra6 e3 55. Ra1 Rd2+ 56. Kc3 Rd3+ 57. Kc2 d4 58. Rd1 Rd2+ 59. Kc1 c3 60. Rh1 e2 61. Re1 Ra2 62. Kb1 c2+ 63. Kxa2 d3 64. Kb2 d2 65. Rxe2 c1Q+ 66. Kb3 d1Q+ 0-1

[Event "Budapest-chT1 Lilienthal 1213"]
[Site "Budapest"]
[Date "2012.10.14"]
[Round "2"]
[White "Pammer Zagroczky, Gabor"]
[Black "Kapuszta, Csaba"]
[Result "1-0"]
[WhiteElo "1935"]
[BlackElo "1742"]
[PlyCount "69"]
[EventDate "2012.09.30"]
[EventType "team-tourn"]
[EventRounds "11"]
[EventCountry "HUN"]
[SourceTitle "EXT 2019"]
[Source "ChessBase"]
[SourceDate "2018.10.10"]
[SourceVersion "1"]
[SourceVersionDate "2018.10.10"]
[SourceQuality "1"]
[WhiteTeam "Sarkany II"]
[BlackTeam "Budapest REAC SISE"]
[WhiteTeamCountry "HUN"]
[BlackTeamCountry "HUN"]

1. e4 b6 2. d4 Bb7 3. Bd3 e6 4. Nf3 Nf6 5. Qe2 c5 6. c3 Be7 7. 0-0 0-0 8. Nbd2 d6 9. Re1 Re8 10. e5 Nfd7 11. Ne4 Nf8 12. Bf4 Ng6 13. Bg3 dxe5 14. dxe5 Bc6 15. Rad1 Qc7 16. Nfg5 Nd7 17. Qh5 Ndf8 18. Nf6+ Bxf6 19. exf6 e5 20. Bc4 gxf6 21. Nxf7 Ne6 22. Nd6 Re7 23. Qf5 Bd7 24. Qxf6 Rf8 25. Qg5 b5 26. Bxe6+ Rxe6 27. Bxe5 Bc6 28. f4 Qe7 29. Qg4 Bd7 30. Nf5 Rxf5 31. Rxd7 Qxd7 32. Qxf5 Nxe5 33. fxe5 c4 34. Qg4+ Rg6 35. Qxd7 1-0

[Event "Budapest-chT1 Lilienthal 1112"]
[Site "Budapest"]
[Date "2012.04.29"]
[Round "11"]
[White "Kapuszta, Csaba"]
[Black "Horvath, Ilona Klara"]
[Result "0-1"]
[WhiteElo "1717"]
[BlackElo "1828"]
[PlyCount "60"]
[EventDate "2011.10.02"]
[EventType "team-tourn"]
[EventRounds "11"]
[EventCountry "HUN"]
[SourceTitle "EXT 2020"]
[Source "ChessBase"]
[SourceDate "2019.10.17"]
[SourceVersion "1"]
[SourceVersionDate "2019.10.17"]
[SourceQuality "1"]
[WhiteTeam "REAC SISE"]
[BlackTeam "Fabulon"]
[WhiteTeamCountry "HUN"]
[BlackTeamCountry "HUN"]

1. b3 c6 2. Bb2 d5 3. e3 Bf5 4. c4 e6 5. Nf3 Nd7 6. Be2 Ngf6 7. 0-0 Bd6 8. d4 Rc8 9. c5 Bb8 10. Nbd2 Qc7 11. g3 h5 12. Kg2 h4 13. Rh1 hxg3 14. hxg3 Ke7 15. Rc1 Ng4 16. Qe1 Rxh1 17. Qxh1 Nxf2 18. Qh4+ Nf6 19. Kxf2 Rh8 20. Qg5 Rh5 21. Qxg7 Ng4+ 22. Qxg4 Bxg4 23. Rg1 Qa5 24. a3 Rf5 25. b4 Qd8 26. e4 dxe4 27. Nxe4 Qd5 28. Nc3 Rxf3+ 29. Ke1 Rxc3 30. Bxc3 Qe4 0-1

[Event "Budapest-chT1 Lilienthal 1112"]
[Site "Budapest"]
[Date "2011.11.20"]
[Round "3"]
[White "Kapuszta, Csaba"]
[Black "Molnar, Tibor1"]
[Result "0-1"]
[WhiteElo "1717"]
[BlackElo "1953"]
[PlyCount "68"]
[EventDate "2011.10.02"]
[EventType "team-tourn"]
[EventRounds "11"]
[EventCountry "HUN"]
[SourceTitle "EXT 2020"]
[Source "ChessBase"]
[SourceDate "2019.10.17"]
[SourceVersion "1"]
[SourceVersionDate "2019.10.17"]
[SourceQuality "1"]
[WhiteTeam "REAC SISE"]
[BlackTeam "Budapest EAC III"]
[WhiteTeamCountry "HUN"]
[BlackTeamCountry "HUN"]

1. e4 e6 2. d4 b6 3. Nf3 Bb7 4. Bd3 Nf6 5. Qe2 h6 6. b3 Bb4+ 7. c3 Be7 8. 0-0 d6 9. h3 Nbd7 10. c4 c5 11. d5 e5 12. Nc3 g5 13. Nh2 Nf8 14. Ng4 Nxg4 15. Qxg4 Ng6 16. Ne2 h5 17. Qg3 Bc8 18. f3 Nf4 19. Nxf4 gxf4 20. Bxf4 exf4 21. Qxf4 Bf6 22. Rae1 Be5 23. Qd2 Qh4 24. f4 Bd4+ 25. Kh2 Rg8 26. Rf3 Bg4 27. Rg3 0-0-0 28. e5 Bd7 29. Rxg8 Rxg8 30. e6 fxe6 31. dxe6 Qg3+ 32. Kh1 Bc6 33. Be4 Bxe4 34. Rxe4 Bf2 0-1